Normal view
MARC view
- Aqsa Ahmad
Entry Personal Name
001 - CONTROL NUMBER
- control field: 98892
003 - CONTROL NUMBER IDENTIFIER
- control field: NUST
005 - DATE AND TIME OF LATEST TRANSACTION
- control field: 20220909160736.0
008 - FIXED-LENGTH DATA ELEMENTS
- fixed length control field: 220909|| aca||aabn | a|a d
040 ## - CATALOGING SOURCE
- Original cataloging agency: NUST
- Transcribing agency: NUST
100 ## - HEADING--PERSONAL NAME
- Personal name: Aqsa Ahmad
670 ## - SOURCE DATA FOUND
- Source citation: Work cat.: (NUST)13428: Aqsa Ahmad, A novel multiband microstrip antenna for wireless applications, 2015
